000 00695nam a2200229Ia 4500
003 GCL
005 20240530103812.0
008 140319s9999 xx 000 0 ara d
040 _aGCL /
_cGCL
082 0 4 _a400.19
_bع ن
100 0 _aعلى عبدالواحد وافى
245 1 0 _aنشاة اللغة عند الانسان والطفل /
_cعلى عبدالواحد وافى
250 _aط.1
260 _aالقاهرة :
_bنهضة مصر للطباعة والنشر،
300 _a248 ص. ؛
_c20 سم.
490 _aكتاب
_v0
650 0 4 _aالعلم
650 0 4 _aاللغات
650 0 4 _aعلم النفس
650 0 4 _aاللغة العربية
942 _2ddc
_cBK
999 _c42592
_d42592